The ethics of corporate conduct

Αποθηκεύτηκε σε:
Λεπτομέρειες βιβλιογραφικής εγγραφής
Κύριος συγγραφέας: Walton, Clarence Cyril
Μορφή: Βιβλίο
Γλώσσα:Undetermined
Έκδοση: Englewood Prentice-Hall, Inc 1977
Θέματα:
Ετικέτες: Προσθήκη ετικέτας
Δεν υπάρχουν, Καταχωρήστε ετικέτα πρώτοι!
Thư viện lưu trữ: Trung tâm Học liệu Trường Đại học Cần Thơ
LEADER 00561nam a2200205Ia 4500
001 CTU_86403
008 210402s9999 xx 000 0 und d
082 |a 301.2 
082 |b W238 
100 |a Walton, Clarence Cyril 
245 4 |a The ethics of corporate conduct 
245 0 |c Clarence Cyril Walton 
260 |a Englewood 
260 |b Prentice-Hall, Inc 
260 |c 1977 
650 |a Business ethics,Industries 
650 |x Social aspects 
650 |z United states 
904 |i Năm 
980 |a Trung tâm Học liệu Trường Đại học Cần Thơ